书目信息 |
| 题名: |
感悟华尔街
|
|
| 作者: | 马蔚华 著 | |
| 分册: | ||
| 出版信息: | 北京 中信出版社 2009 |
|
| 页数: | 11,248页 | |
| 开本: | 23cm | |
| 丛书名: | ||
| 单 册: | ||
| 中图分类: | F831.59 | |
| 科图分类: | ||
| 主题词: | 金融危机--研究--世界 , 金融危机 | |
| 电子资源: | ||
| ISBN: | 978-7-5086-1598-1 | |
| 000 | 00948nam0 2200253 45 | |
| 001 | 1029887210 | |
| 005 | 20100428150817.73 | |
| 010 | @a978-7-5086-1598-1@dCNY36.00 | |
| 100 | @a20100419d2009 em y0chiy50 ea | |
| 101 | 0 | @achi |
| 102 | @aCN@b110000 | |
| 105 | @ay z 000yy | |
| 106 | @ar | |
| 200 | 1 | @a感悟华尔街@AGan Wu Hua Er Jie@e我的金融风暴之旅@EWo De Jin Rong Feng Bao Zhi Lu^@f马蔚华著@FMa Wei Hua Zhu |
| 210 | @a北京@c中信出版社@d2009 | |
| 215 | @a11,248页@d23cm | |
| 330 | @a本书作者在金融风暴肆虐之际,亲访各大金融高管,及名商政要,用亲身经历诠释经济危机,用权威观点测度经济未来走势,既有经济危机下金融机构及高管们生存形态的现实记录,也有马蔚华经世治商的理念与哲学。 | |
| 517 | 1 | @a我的金融风暴之旅@AWo De Jin Rong Feng Bao Zhi Lu^ |
| 606 | 0 | @a金融危机@x研究@y世界 |
| 606 | 0 | @a金融危机 |
| 690 | @aF831.59@v4 | |
| 701 | 0 | @a马蔚华@AMa Wei Hua@4著 |
| 801 | 0 | @aCN@bTANGWEI@c20100428 |
| 905 | @b0593733-37@dF831.59@e48@f5 | |
| 感悟华尔街:我的金融风暴之旅/马蔚华著.-北京:中信出版社,2009 |
| 11,248页;23cm |
| ISBN 978-7-5086-1598-1:CNY36.00 |
| 本书作者在金融风暴肆虐之际,亲访各大金融高管,及名商政要,用亲身经历诠释经济危机,用权威观点测度经济未来走势,既有经济危机下金融机构及高管们生存形态的现实记录,也有马蔚华经世治商的理念与哲学。 |
| ● |
| 相关链接 |
|
|
|
|
正题名:感悟华尔街
索取号:F831.59/48
 
预约/预借
| 序号 | 登录号 | 条形码 | 馆藏地/架位号 | 状态 | 备注 |
| 1 | 0593733 | 205937334 | 第一样本阅览室/ [索取号:F831.59/48] | 在馆 | |
| 2 | 0593734 | 205937343 | 第一借阅区/ [索取号:F831.59/48] | 在馆 | |
| 3 | 0593735 | 205937352 | 第一借阅区/ [索取号:F831.59/48] | 在馆 | |
| 4 | 0593736 | 205937361 | 第一借阅区/ [索取号:F831.59/48] | 在馆 | |
| 5 | 0593737 | 205937370 | 第一借阅区/ [索取号:F831.59/48] | 在馆 |